| 000 | 00710nam a2200193Ia 4500 | ||
|---|---|---|---|
| 999 |
_c1540 _d1540 |
||
| 020 | _a81-204-0708-3 | ||
| 082 | _a378.1550954 MAT-; | ||
| 100 | _aMatthai, Ravi J. | ||
| 245 | 0 | _aManagement processes in universities: a study of decision making and organisational health in two agricultural universitie | |
| 260 |
_aBombay _bOxford University Press _c0 |
||
| 300 | _aviii, 171p. | ||
| 650 | _aUniversities and colleges - Decision making - India | ||
| 650 | _aAgricultural universities - Administration - India | ||
| 650 | _aUniversities and colleges - Health promotion services - India | ||
| 650 | _aEducation, Higher - India | ||
| 700 | _aPareek, Udai | ||
| 700 | _aRao, T. Venkateswara | ||
| 942 | _cBK | ||